[Event "69. Corus Chess 2007 GM-C"]
[Site "Wijk aan Zee NED"]
[Date "2007.01.19"]
[Round "6.1"]
[White "Willemze, Thomas"]
[Black "Peng, Zhaoqin"]
[Result "0-1"]
[WhiteElo "2393"]
[BlackElo "2431"]
[PlyCount "102"]
[EventDate "2007.01.13"]
[EventType "tourn"]
[EventRounds "13"]
[EventCountry "NED"]
[EventCategory "10"]
[Source "lmi"]
[SourceDate "2007.01.13"]

1. e4 c5 2. Nf3 e6 3. d4 cxd4 4. Nxd4 Nc6 5. Nb5 d6 6. Bf4 e5 7. Be3 Nf6 8. Bg5
a6 9. N5a3 b5 10. c4 b4 11. Nc2 Bb7 12. Bxf6 Qxf6 13. Bd3 Be7 14. Nd2 O-O 15.
Nf1 Bd8 16. Nfe3 Bb6 17. O-O Bc5 18. Nd5 Qg5 19. Kh1 a5 20. Be2 Bc8 21. Nce3
Ra7 22. Qd3 Nd4 23. Rae1 Qh4 24. Bd1 f5 25. exf5 Nxf5 26. Bf3 Raf7 27. g3 Qh6
28. Bg2 Kh8 29. Qd1 Be6 30. Ng4 Qg6 31. Nge3 h6 32. b3 Nxe3 33. fxe3 Bg4 34.
Rxf7 Rxf7 35. Qb1 Bf5 36. e4 Bg4 37. Rf1 Be2 38. Rf5 Rxf5 39. exf5 Qg5 40. Qe1
Bg4 41. Nf4 Bxf5 42. Bd5 Qf6 43. Qe2 g6 44. Nd3 Bg4 45. Qg2 e4 46. Ne1 Qf2 47.
Qxf2 Bxf2 48. h3 Bd1 49. Ng2 e3 50. Kh2 g5 51. Be4 Kg7 0-1

[Event "69. Corus Chess 2007 GM-C"]
[Site "Wijk aan Zee NED"]
[Date "2007.01.19"]
[Round "6.2"]
[White "Nepomniachtchi, Ian"]
[Black "Van Haastert, Edwin"]
[Result "1-0"]
[WhiteElo "2587"]
[BlackElo "2391"]
[PlyCount "45"]
[EventDate "2007.01.13"]
[EventType "tourn"]
[EventRounds "13"]
[EventCountry "NED"]
[EventCategory "10"]
[Source "lmi"]
[SourceDate "2007.01.13"]

1. e4 c5 2. Nc3 d6 3. f4 g6 4. Nf3 Bg7 5. Bc4 Nc6 6. O-O Nf6 7. d3 O-O 8. Qe1
e6 9. f5 d5 10. e5 Nxe5 11. Nxe5 dxc4 12. fxg6 hxg6 13. Nxc4 b6 14. Bg5 Qd4+
15. Be3 Qd8 16. Bg5 Qd4+ 17. Kh1 Nh7 18. Be7 Re8 19. Bd6 Qg4 20. Bg3 Rf8 21.
Rf4 Qg5 22. Qe4 e5 23. Rxf7 1-0

[Event "69. Corus Chess 2007 GM-C"]
[Site "Wijk aan Zee NED"]
[Date "2007.01.19"]
[Round "6.3"]
[White "Hou Yifan"]
[Black "Jonkman, Harmen"]
[Result "1-0"]
[WhiteElo "2509"]
[BlackElo "2425"]
[PlyCount "77"]
[EventDate "2007.01.13"]
[EventType "tourn"]
[EventRounds "13"]
[EventCountry "NED"]
[EventCategory "10"]
[Source "lmi"]
[SourceDate "2007.01.13"]

1. e4 e5 2. Nf3 Nc6 3. Bb5 Nf6 4. d3 d6 5. O-O Bd7 6. c3 g6 7. Re1 Bg7 8. Nbd2
O-O 9. Ba4 Qe8 10. Bb3 h6 11. d4 Nh5 12. Nh4 Kh7 13. Nf5 exd4 14. Nxg7 Nxg7 15.
Nc4 dxc3 16. bxc3 Be6 17. Qd2 g5 18. f4 f6 19. Ne3 Bxb3 20. axb3 Qxe4 21. Nd5
Qf5 22. Nxc7 Rac8 23. Nd5 Rce8 24. Bb2 Rxe1+ 25. Rxe1 Re8 26. Rf1 g4 27. c4 Re6
28. Kh1 h5 29. Qf2 Ne7 30. Nc7 Re4 31. Nb5 Qc5 32. Qc2 f5 33. Qc3 Ne6 34. Qh8+
Kg6 35. Qf6+ Kh7 36. Qxe7+ Kg6 37. Qf6+ Kh7 38. Nxd6 Qf2 39. Qxf5+ 1-0

[Event "69. Corus Chess 2007 GM-C"]
[Site "Wijk aan Zee NED"]
[Date "2007.01.19"]
[Round "6.4"]
[White "Spoelman, Wouter"]
[Black "Bosboom, Manuel"]
[Result "1-0"]
[WhiteElo "2414"]
[BlackElo "2375"]
[PlyCount "87"]
[EventDate "2007.01.13"]
[EventType "tourn"]
[EventRounds "13"]
[EventCountry "NED"]
[EventCategory "10"]
[Source "lmi"]
[SourceDate "2007.01.13"]

1. e4 e5 2. Nf3 d6 3. d4 Qe7 4. Nc3 c6 5. h3 Nf6 6. a4 Nbd7 7. Be2 g6 8. O-O
Nh5 9. Bg5 f6 10. Be3 Nf4 11. Bxf4 exf4 12. Qd2 g5 13. Rfe1 Kd8 14. Bc4 Kc7 15.
a5 a6 16. b4 h5 17. Na4 Qg7 18. Kh2 Be7 19. Rad1 f5 20. e5 g4 21. Ng1 f3 22.
gxf3 d5 23. Bf1 Rg8 24. fxg4 fxg4 25. Kh1 Rf8 26. Bg2 Bg5 27. Qe2 Bf4 28. c4 g3
29. cxd5 gxf2 30. d6+ Kb8 31. Qxf2 Bxe5 32. Qxf8 Nxf8 33. dxe5 Be6 34. Nb6 Nd7
35. Nf3 Qg3 36. Nxd7+ Ka7 37. Nf6 Bxh3 38. Bxh3 Qxh3+ 39. Nh2 Qe6 40. d7 Rd8
41. Rd6 Qa2 42. e6 h4 43. e7 h3 44. Rg1 1-0

[Event "69. Corus Chess 2007 GM-C"]
[Site "Wijk aan Zee NED"]
[Date "2007.01.19"]
[Round "6.5"]
[White "Brynell, Stellan"]
[Black "Berg, Emanuel"]
[Result "1/2-1/2"]
[WhiteElo "2501"]
[BlackElo "2586"]
[PlyCount "127"]
[EventDate "2007.01.13"]
[EventType "tourn"]
[EventRounds "13"]
[EventCountry "NED"]
[EventCategory "10"]
[Source "lmi"]
[SourceDate "2007.01.13"]

1. d4 Nf6 2. Nf3 e6 3. g3 c5 4. Bg2 Nc6 5. O-O cxd4 6. Nxd4 Qb6 7. Nb3 Be7 8.
c4 Ne5 9. Be3 Qc7 10. c5 Nc4 11. Bd4 Rb8 12. N1d2 b5 13. cxb6 Nxb6 14. Rc1 Qd8
15. e4 O-O 16. e5 Nfd5 17. Nc5 f6 18. exf6 Bxf6 19. Nde4 Bxd4 20. Qxd4 d6 21.
Nb3 Bb7 22. Na5 Qd7 23. Nxb7 Rxb7 24. Rfe1 h6 25. Nc3 Kh8 26. Nxd5 Nxd5 27.
Bxd5 exd5 28. Rc2 Qf5 29. Rce2 Rbf7 30. b4 Qf3 31. b5 Kh7 32. Rd2 Rc8 33. Qe3
Rc5 34. a4 Rc4 35. a5 Rb4 36. Qxf3 Rxf3 37. Re7 Rxb5 38. Rxa7 Ra3 39. a6 Rba5
40. Rd7 Rxa6 41. Rxd5 Rf3 42. R7xd6 Ra2 43. Rd2 Rxd2 44. Rxd2 h5 45. Rd5 g6 46.
Kg2 Ra3 47. h3 Kh6 48. Re5 Rb3 49. Re3 Rb8 50. f4 Rb1 51. g4 hxg4 52. hxg4 Rb7
53. Kg3 Kg7 54. Ra3 Rc7 55. Kh4 Rb7 56. Ra6 Rc7 57. Kg5 Rc5+ 58. f5 gxf5 59.
gxf5 Rc7 60. Rg6+ Kf7 61. Rh6 Kg7 62. f6+ Kg8 63. Kg6 Rg7+ 64. fxg7 1/2-1/2

[Event "69. Corus Chess 2007 GM-C"]
[Site "Wijk aan Zee NED"]
[Date "2007.01.20"]
[Round "7.1"]
[White "Krasenkow, Michal"]
[Black "Willemze, Thomas"]
[Result "1-0"]
[WhiteElo "2651"]
[BlackElo "2393"]
[PlyCount "57"]
[EventDate "2007.01.13"]
[EventType "tourn"]
[EventRounds "13"]
[EventCountry "NED"]
[EventCategory "10"]
[Source "lmi"]
[SourceDate "2007.01.13"]

1. d4 Nf6 2. Nf3 e6 3. c4 Bb4+ 4. Nbd2 b6 5. a3 Bxd2+ 6. Bxd2 Bb7 7. Bg5 d6 8.
e3 Nbd7 9. Qc2 h6 10. Bh4 g5 11. Bg3 Ne4 12. Nd2 f5 13. Nxe4 Bxe4 14. Qa4 O-O
15. f3 f4 16. fxe4 fxg3 17. hxg3 c5 18. O-O-O b5 19. cxb5 Rf2 20. Bc4 Nb6 21.
Bxe6+ Kg7 22. Qb3 c4 23. Qb4 Qe7 24. d5 Qf6 25. Rd2 Rf8 26. Rxf2 Qxf2 27. Qxd6
Qf6 28. Qc7+ Kh8 29. e5 1-0

[Event "69. Corus Chess 2007 GM-C"]
[Site "Wijk aan Zee NED"]
[Date "2007.01.20"]
[Round "7.2"]
[White "Van der Wiel, John TH"]
[Black "Kosintseva, Nadezhda"]
[Result "1/2-1/2"]
[WhiteElo "2511"]
[BlackElo "2496"]
[PlyCount "97"]
[EventDate "2007.01.13"]
[EventType "tourn"]
[EventRounds "13"]
[EventCountry "NED"]
[EventCategory "10"]
[Source "lmi"]
[SourceDate "2007.01.13"]

1. e4 c5 2. Nf3 d6 3. d4 cxd4 4. Nxd4 Nf6 5. Nc3 Nc6 6. Bg5 e6 7. Qd2 Be7 8.
O-O-O Qb6 9. Nb3 O-O 10. f3 Rd8 11. Kb1 Qc7 12. Nb5 Qb8 13. h4 a6 14. N5d4 e5
15. Ne2 Be6 16. Bxf6 Bxf6 17. Nc3 a5 18. Nd5 Bxd5 19. exd5 a4 20. Nc1 Na5 21.
g4 Qc7 22. g5 Be7 23. Qb4 a3 24. Qxa3 Nc4 25. Qb3 b5 26. Bh3 Ra4 27. Bg4 Rda8
28. Rhe1 Qc5 29. c3 Ne3 30. Rd2 Nxg4 31. fxg4 Rxg4 32. Rh2 Rc4 33. Qd1 Qa7 34.
Qd2 Qb7 35. a3 Rac8 36. Na2 Qd7 37. Nb4 Qf5+ 38. Ka2 Rf4 39. Nc6 Bf8 40. Qe2
Rc4 41. Na7 R8c5 42. Nxb5 Rf4 43. Na7 Rxd5 44. Nc6 Rc5 45. Nb4 Rcc4 46. Nd5
Rce4 47. Qd2 Rxh4 48. Rxh4 Rxh4 49. b4 1/2-1/2

[Event "69. Corus Chess 2007 GM-C"]
[Site "Wijk aan Zee NED"]
[Date "2007.01.20"]
[Round "7.3"]
[White "Berg, Emanuel"]
[Black "Negi, Parimarjan"]
[Result "1-0"]
[WhiteElo "2586"]
[BlackElo "2538"]
[PlyCount "167"]
[EventDate "2007.01.13"]
[EventType "tourn"]
[EventRounds "13"]
[EventCountry "NED"]
[EventCategory "10"]
[Source "lmi"]
[SourceDate "2007.01.13"]

1. e4 c5 2. Nf3 d6 3. d4 cxd4 4. Nxd4 Nf6 5. Nc3 a6 6. Bg5 e6 7. f4 Nbd7 8. Qf3
Qc7 9. O-O-O b5 10. Bd3 Bb7 11. Rhe1 Be7 12. Qg3 b4 13. Nd5 exd5 14. exd5 Kd8
15. Nc6+ Bxc6 16. dxc6 Nb6 17. Bh4 Rg8 18. Re2 Qxc6 19. Bxh7 Re8 20. Qxg7 Nxh7
21. Rxe7 Rxe7 22. Re1 Raa7 23. Qxf7 Nc8 24. Qxh7 Qxg2 25. Qh8+ Kd7 26. Bxe7
Nxe7 27. Rxe7+ Kxe7 28. Qh7+ Ke6 29. Qxa7 Qh1+ 30. Kd2 Qg2+ 31. Kd1 Qf1+ 32.
Kd2 Qg2+ 33. Ke1 Qe4+ 34. Kd1 Qf3+ 35. Ke1 Qe4+ 36. Kf1 Qc4+ 37. Kg2 Qe4+ 38.
Kg3 Qg6+ 39. Kf3 Qh5+ 40. Kg3 Qg6+ 41. Kf3 Qh5+ 42. Ke3 Qh3+ 43. Kd4 Qxh2 44.
f5+ Kf6 45. Kd3 Qh3+ 46. Kc4 Qxf5 47. Qd4+ Ke6 48. Kb3 a5 49. Qc4+ Kf6 50. Ka4
Qe5 51. b3 Qf5 52. Qc7 Qd5 53. Qd8+ Kg6 54. Qe8+ Kf6 55. Qb5 Qe4 56. Qc4 Qf5
57. Qc7 Qd5 58. Qxa5 Qc6+ 59. Kxb4 Qxc2 60. Qd8+ Ke6 61. Qe8+ Kf6 62. Qh8+ Ke6
63. Qh3+ Kd5 64. Qf3+ Ke6 65. Qe3+ Kd7 66. a4 d5 67. a5 Qh2 68. Qa7+ Ke6 69.
Qb6+ Kf5 70. a6 Qd2+ 71. Ka3 Qc1+ 72. Ka4 Qf4+ 73. Qb4 Qc7 74. Qb7 Qf4+ 75. b4
Qc4 76. a7 Qc2+ 77. Ka5 Qa2+ 78. Kb6 Qf2+ 79. Kc6 Qc2+ 80. Kd7 Qe4 81. a8=Q
Qe6+ 82. Kc7 Qe7+ 83. Kb8 Qe5+ 84. Qc7 1-0

[Event "69. Corus Chess 2007 GM-C"]
[Site "Wijk aan Zee NED"]
[Date "2007.01.20"]
[Round "7.4"]
[White "Bosboom, Manuel"]
[Black "Brynell, Stellan"]
[Result "1-0"]
[WhiteElo "2375"]
[BlackElo "2501"]
[PlyCount "62"]
[EventDate "2007.01.13"]
[EventType "tourn"]
[EventRounds "13"]
[EventCountry "NED"]
[EventCategory "10"]
[Source "lmi"]
[SourceDate "2007.01.13"]

1. c4 e5 2. Nc3 Nf6 3. Nf3 Nc6 4. e3 Bb4 5. Qc2 Bxc3 6. Qxc3 Qe7 7. a3 d5 8.
cxd5 Nxd5 9. Qb3 Nb6 10. d3 O-O 11. Bd2 a5 12. Rc1 Rd8 13. Be2 Be6 14. Qc3 f6
15. h3 Qf7 16. O-O Na4 17. Qc2 Bb3 18. Qb1 Rd6 19. Bc3 Ba2 20. Qa1 b6 21. b4
axb4 22. axb4 Rdd8 23. Bd2 Rd6 24. b5 Nd8 25. Bb4 Rd7 26. d4 exd4 27. Nxd4 Bd5
28. Qb1 Ne6 29. Rfd1 Nac5 30. Bg4 Nxd4 31. Rxd4 Be6 1-0

[Event "69. Corus Chess 2007 GM-C"]
[Site "Wijk aan Zee NED"]
[Date "2007.01.20"]
[Round "7.5"]
[White "Jonkman, Harmen"]
[Black "Spoelman, Wouter"]
[Result "0-1"]
[WhiteElo "2425"]
[BlackElo "2414"]
[PlyCount "58"]
[EventDate "2007.01.13"]
[EventType "tourn"]
[EventRounds "13"]
[EventCountry "NED"]
[EventCategory "10"]
[Source "lmi"]
[SourceDate "2007.01.13"]

1. e4 c5 2. c3 d5 3. exd5 Qxd5 4. d4 Nf6 5. Be3 Bg4 6. f3 Bf5 7. Na3 Qe6 8. Kf2
Nd5 9. Qa4+ Nc6 10. Re1 Qd7 11. dxc5 Nxe3 12. Rxe3 e6 13. b4 Be7 14. Ne2 O-O
15. Nc4 Bg5 16. f4 Bh4+ 17. Kg1 Qd5 18. Qb3 a5 19. a3 Bf6 20. Ng3 axb4 21. axb4
Ra1 22. Nxf5 Qxf5 23. Rf3 Rfa8 24. h3 Rb1 25. g4 Qe4 26. Nd2 Qxf3 27. Nxb1 Nd4
28. Qb2 Qg3+ 29. Bg2 Nf3+ 0-1

[Event "69. Corus Chess 2007 GM-C"]
[Site "Wijk aan Zee NED"]
[Date "2007.01.20"]
[Round "7.6"]
[White "Van Haastert, Edwin"]
[Black "Hou Yifan"]
[Result "1/2-1/2"]
[WhiteElo "2391"]
[BlackElo "2509"]
[PlyCount "53"]
[EventDate "2007.01.13"]
[EventType "tourn"]
[EventRounds "13"]
[EventCountry "NED"]
[EventCategory "10"]
[Source "lmi"]
[SourceDate "2007.01.13"]

1. e4 c5 2. Nf3 d6 3. d4 cxd4 4. Nxd4 Nf6 5. Nc3 a6 6. Bg5 e6 7. f4 Qc7 8. Bxf6
gxf6 9. Qd2 Nc6 10. O-O-O Bd7 11. Bc4 O-O-O 12. Nxc6 Qxc6 13. Bb3 Kb8 14. Kb1
h5 15. Rhf1 Be7 16. f5 Rdg8 17. Qf2 Rg4 18. h3 Rg5 19. g3 Rhg8 20. Rd3 Bc8 21.
Rf3 Bd8 22. Qe3 Qc5 23. Ne2 exf5 24. Qxc5 dxc5 25. exf5 R8g7 26. h4 Rg4 27. Rf4
1/2-1/2

[Event "69. Corus Chess 2007 GM-C"]
[Site "Wijk aan Zee NED"]
[Date "2007.01.21"]
[Round "8.1"]
[White "Willemze, Thomas"]
[Black "Nepomniachtchi, Ian"]
[Result "0-1"]
[WhiteElo "2393"]
[BlackElo "2587"]
[PlyCount "60"]
[EventDate "2007.01.13"]
[EventType "tourn"]
[EventRounds "13"]
[EventCountry "NED"]
[EventCategory "10"]
[Source "lmi"]
[SourceDate "2007.01.13"]

1. e4 e6 2. d4 d5 3. Nc3 Nf6 4. Bg5 Bb4 5. Nge2 dxe4 6. a3 Be7 7. Bxf6 gxf6 8.
Nxe4 b6 9. Qd2 Bb7 10. N4c3 c6 11. g3 Nd7 12. Bg2 Qc7 13. Qh6 O-O-O 14. Qh5
Rdf8 15. O-O f5 16. Nf4 Nf6 17. Qf3 Rd8 18. Rad1 h5 19. b4 Bd6 20. Nd3 h4 21.
b5 Nd5 22. Nxd5 cxd5 23. Qe3 hxg3 24. hxg3 Kb8 25. a4 Rc8 26. Ra1 Qc3 27. a5
Rc4 28. a6 Bc8 29. Rfd1 Qxd4 30. Qe2 Bxg3 0-1

[Event "69. Corus Chess 2007 GM-C"]
[Site "Wijk aan Zee NED"]
[Date "2007.01.21"]
[Round "8.3"]
[White "Spoelman, Wouter"]
[Black "Van Haastert, Edwin"]
[Result "1/2-1/2"]
[WhiteElo "2414"]
[BlackElo "2391"]
[PlyCount "97"]
[EventDate "2007.01.13"]
[EventType "tourn"]
[EventRounds "13"]
[EventCountry "NED"]
[EventCategory "10"]
[Source "lmi"]
[SourceDate "2007.01.13"]

1. e4 c5 2. Nf3 d6 3. d4 cxd4 4. Nxd4 Nf6 5. Nc3 g6 6. Be3 Bg7 7. f3 O-O 8. Qd2
Nc6 9. Bc4 Bd7 10. O-O-O Rc8 11. Bb3 Ne5 12. Kb1 Re8 13. h4 h5 14. Bh6 Nc4 15.
Bxc4 Rxc4 16. Bxg7 Kxg7 17. g4 hxg4 18. h5 Rh8 19. hxg6 fxg6 20. f4 e5 21. Nde2
Rxh1 22. Rxh1 Nxe4 23. Nxe4 Rxe4 24. fxe5 Rxe5 25. Qh6+ Kf6 26. Qh4+ Rg5 27.
Nc3 Bf5 28. Re1 Kg7 29. Nd5 Be4 30. Nf4 Bxc2+ 31. Kc1 Bf5 32. Nd5 Qc8+ 33. Nc3
Rh5 34. Qe7+ Kh6 35. Qe3+ Kg7 36. Qe7+ Kg8 37. Qxd6 Rh3 38. Re7 Rxc3+ 39. bxc3
Qxc3+ 40. Kd1 Qa1+ 41. Kd2 Qxa2+ 42. Ke3 Qb3+ 43. Kf4 Qc4+ 44. Kg5 Qc1+ 45. Kf6
Qc6 46. Qxc6 bxc6 47. Re8+ Kh7 48. Re7+ Kg8 49. Re8+ 1/2-1/2

[Event "69. Corus Chess 2007 GM-C"]
[Site "Wijk aan Zee NED"]
[Date "2007.01.21"]
[Round "8.4"]
[White "Brynell, Stellan"]
[Black "Jonkman, Harmen"]
[Result "0-1"]
[WhiteElo "2501"]
[BlackElo "2425"]
[PlyCount "104"]
[EventDate "2007.01.13"]
[EventType "tourn"]
[EventRounds "13"]
[EventCountry "NED"]
[EventCategory "10"]
[Source "lmi"]
[SourceDate "2007.01.13"]

1. d4 d5 2. c4 dxc4 3. Nf3 e6 4. e3 a6 5. Bxc4 c5 6. a4 Nf6 7. O-O Nc6 8. Qe2
Qc7 9. Rd1 Be7 10. Nc3 O-O 11. b3 Rd8 12. Bb2 cxd4 13. exd4 Na5 14. Ne5 Bd7 15.
d5 Nxc4 16. Nxc4 exd5 17. Rxd5 Bg4 18. Rxd8+ Rxd8 19. Qc2 Be6 20. Ne4 b5 21.
axb5 axb5 22. Nxf6+ Bxf6 23. Bxf6 gxf6 24. Ne3 Qxc2 25. Nxc2 Bxb3 26. Ne3 Be6
27. Rb1 Rb8 28. Rb4 Kf8 29. f4 Ke7 30. f5 Bd7 31. g4 Bc6 32. Nc2 Kd6 33. Rb3
Bd5 34. Rd3 Kc5 35. Ne3 Be4 36. Rd7 Rb7 37. Rd8 b4 38. Rc8+ Bc6 39. Kf2 b3 40.
Nd1 b2 41. Nxb2 Rxb2+ 42. Kg3 Rb3+ 43. Kh4 Kd6 44. Rd8+ Ke7 45. Rd2 Rf3 46. Rc2
Bb5 47. h3 Bf1 48. Rh2 Kd6 49. Rh1 Ke5 50. Rh2 Ke4 51. Rh1 Kf4 52. Rh2 Ke3 0-1

[Event "69. Corus Chess 2007 GM-C"]
[Site "Wijk aan Zee NED"]
[Date "2007.01.21"]
[Round "8.6"]
[White "Kosintseva, Nadezhda"]
[Black "Berg, Emanuel"]
[Result "0-1"]
[WhiteElo "2496"]
[BlackElo "2586"]
[PlyCount "84"]
[EventDate "2007.01.13"]
[EventType "tourn"]
[EventRounds "13"]
[EventCountry "NED"]
[EventCategory "10"]
[Source "lmi"]
[SourceDate "2007.01.13"]

1. e4 e6 2. d4 d5 3. Nc3 h6 4. Bd3 c5 5. dxc5 d4 6. Nce2 Nc6 7. Nf3 Bxc5 8. O-O
Nge7 9. a3 e5 10. Ng3 h5 11. b4 Bd6 12. Nh4 Ng8 13. Nhf5 Bf8 14. b5 Nb8 15. f4
h4 16. Ne2 g6 17. fxe5 gxf5 18. exf5 Nd7 19. e6 Ne5 20. Bf4 Qd5 21. Bxe5 Qxe5
22. Nf4 Nf6 23. exf7+ Kxf7 24. Qb1 Kg7 25. Qb3 Bd6 26. Rae1 Qc5 27. Ng6 Rh5 28.
Nf4 Rg5 29. Nh3 Rg4 30. Qb1 Qd5 31. Rf2 Bd7 32. Be2 Qe5 33. Bxg4 Qxh2+ 34. Kf1
Nxg4 35. f6+ Nxf6 36. Qb3 Qh1+ 37. Ng1 Rf8 38. a4 Bh2 39. Re7+ Kh8 40. Ke2 Qxg1
41. Qf3 Bg4 42. Qxg4 Qxf2+ 0-1

[Event "69. Corus Chess 2007 GM-C"]
[Site "Wijk aan Zee NED"]
[Date "2007.01.23"]
[Round "9.1"]
[White "Van der Wiel, John TH"]
[Black "Willemze, Thomas"]
[Result "1/2-1/2"]
[WhiteElo "2511"]
[BlackElo "2393"]
[PlyCount "78"]
[EventDate "2007.01.13"]
[EventType "tourn"]
[EventRounds "13"]
[EventCountry "NED"]
[EventCategory "10"]
[Source "lmi"]
[SourceDate "2007.01.13"]

1. e4 c6 2. d4 d5 3. e5 Bf5 4. h4 h6 5. g4 Bd7 6. c3 e6 7. Ne2 c5 8. Nd2 Nc6 9.
Nf3 Qb6 10. Bh3 h5 11. gxh5 Rxh5 12. O-O cxd4 13. cxd4 Be7 14. Kg2 Rc8 15. Bg5
Bf8 16. Nc3 Nge7 17. Na4 Qb5 18. Nc5 b6 19. Nxd7 Kxd7 20. Qd2 g6 21. Bg4 Rh8
22. Rh1 Nf5 23. h5 Bb4 24. Qf4 Qd3 25. hxg6 fxg6 26. Bf6 Rxh1 27. Rxh1 Rg8 28.
Rh7+ Kc8 29. Qc1 Qc4 30. Qh1 Qe2 31. Rh8 Rxh8 32. Qxh8+ Kb7 33. Qh7+ Ka6 34.
Qxg6 Ncxd4 35. Nxd4 Qe4+ 36. Kg1 Qe1+ 37. Kg2 Qe4+ 38. Kg1 Qe1+ 39. Kg2 Qe4+
1/2-1/2

[Event "69. Corus Chess 2007 GM-C"]
[Site "Wijk aan Zee NED"]
[Date "2007.01.23"]
[Round "9.3"]
[White "Bosboom, Manuel"]
[Black "Kosintseva, Nadezhda"]
[Result "0-1"]
[WhiteElo "2375"]
[BlackElo "2496"]
[PlyCount "56"]
[EventDate "2007.01.13"]
[EventType "tourn"]
[EventRounds "13"]
[EventCountry "NED"]
[EventCategory "10"]
[Source "lmi"]
[SourceDate "2007.01.13"]

1. c4 Nf6 2. Nf3 e6 3. Nc3 d5 4. d4 Bb4 5. Qa4+ Nc6 6. Bg5 O-O 7. e3 h6 8. Bxf6
Qxf6 9. Rc1 Qg6 10. h4 Bd7 11. Qb3 a5 12. a3 a4 13. Qd1 Ba5 14. Bd3 Qf6 15. g4
e5 16. g5 Qd6 17. gxh6 Qxh6 18. cxd5 exd4 19. exd4 Bg4 20. dxc6 Bxf3 21. Qxf3
Qxc1+ 22. Ke2 Qxb2+ 23. Kf1 Qxc3 24. cxb7 Rad8 25. Rh3 Qxd4 26. Qf5 g6 27. Qxa5
Qg4 28. Rg3 Qd1+ 0-1

[Event "69. Corus Chess 2007 GM-C"]
[Site "Wijk aan Zee NED"]
[Date "2007.01.23"]
[Round "9.4"]
[White "Jonkman, Harmen"]
[Black "Negi, Parimarjan"]
[Result "0-1"]
[WhiteElo "2425"]
[BlackElo "2538"]
[PlyCount "81"]
[EventDate "2007.01.13"]
[EventType "tourn"]
[EventRounds "13"]
[EventCountry "NED"]
[EventCategory "10"]
[Source "lmi"]
[SourceDate "2007.01.13"]

1. e4 c5 2. c3 d5 3. exd5 Qxd5 4. d4 Nf6 5. Nf3 Bg4 6. dxc5 Qxd1+ 7. Kxd1 e5 8.
b4 e4 9. h3 Bh5 10. g4 Nxg4 11. hxg4 Bxg4 12. Nbd2 exf3 13. Bd3 Nc6 14. Re1+
Be7 15. Kc2 Kf8 16. a4 h5 17. Ba3 Nd8 18. Be4 Rc8 19. Nxf3 h4 20. Nd4 Rh5 21.
Nb5 a6 22. Nd6 Bxd6 23. cxd6 b5 24. axb5 axb5 25. Bc1 Re5 26. f3 Bxf3 27. d7
Rc4 28. Bxf3 Rxe1 29. Bg5 Rxa1 30. Bxd8 Ra2+ 31. Kd3 Ra3 32. Bf6 Rcxc3+ 33.
Bxc3 Ke7 34. Bc6 h3 35. Bxb5 h2 36. Bc6 f6 37. b5 Ra7 38. Bb4+ Kd8 39. Bd6 Rxd7
40. Bxd7 h1=Q 41. Kd4 0-1

[Event "69. Corus Chess 2007 GM-C"]
[Site "Wijk aan Zee NED"]
[Date "2007.01.23"]
[Round "9.5"]
[White "Van Haastert, Edwin"]
[Black "Brynell, Stellan"]
[Result "1-0"]
[WhiteElo "2391"]
[BlackElo "2501"]
[PlyCount "139"]
[EventDate "2007.01.13"]
[EventType "tourn"]
[EventRounds "13"]
[EventCountry "NED"]
[EventCategory "10"]
[Source "lmi"]
[SourceDate "2007.01.13"]

1. e4 e5 2. Nf3 Nc6 3. Bb5 a6 4. Ba4 Nf6 5. O-O Be7 6. Re1 b5 7. Bb3 d6 8. c3
O-O 9. h3 Na5 10. Bc2 c5 11. d4 Qc7 12. Nbd2 cxd4 13. cxd4 Bd7 14. Nf1 Rac8 15.
Ne3 Nc6 16. d5 Nb4 17. Bb1 a5 18. a3 Na6 19. b4 Qb7 20. Bd2 axb4 21. axb4 g6
22. Bd3 Nc7 23. Qb3 Ra8 24. Rxa8 Rxa8 25. Bc3 Qb6 26. Ra1 Rxa1+ 27. Bxa1 Qa7
28. Bb2 Nfe8 29. g4 Ng7 30. Kg2 h5 31. Bc1 hxg4 32. hxg4 Kf8 33. Qc2 Bd8 34.
Nd2 Nce8 35. Nb3 Bb6 36. Kg3 Nf6 37. Bd2 Nxg4 38. Nxg4 Nh5+ 39. Kf3 Bxg4+ 40.
Kxg4 Qd7+ 41. Kf3 Qh3+ 42. Ke2 Qg4+ 43. f3 Qg1 44. Bh6+ Kg8 45. Qc1 Ng3+ 46.
Kd2 Qf2+ 47. Kc3 Qxf3 48. Qc2 Kh7 49. Bf8 Nxe4+ 50. Kb2 Nf2 51. Bxb5 Qxd5 52.
Bc4 Bd4+ 53. Nxd4 Qxd4+ 54. Kb3 Ne4 55. Bd3 Nf2 56. Bxg6+ Kg8 57. Bh6 Qd5+ 58.
Kb2 Qd4+ 59. Ka3 Qa7+ 60. Kb3 fxg6 61. Qxg6+ Kh8 62. Bg5 Ng4 63. Qh5+ Kg7 64.
Qxg4 Qf7+ 65. Kc3 Qd5 66. Be3+ Kf8 67. Bh6+ Ke8 68. Qc8+ Ke7 69. Bg5+ Kf7 70.
Qc4 1-0

[Event "69. Corus Chess 2007 GM-C"]
[Site "Wijk aan Zee NED"]
[Date "2007.01.23"]
[Round "9.6"]
[White "Peng, Zhaoqin"]
[Black "Spoelman, Wouter"]
[Result "0-1"]
[WhiteElo "2431"]
[BlackElo "2414"]
[PlyCount "62"]
[EventDate "2007.01.13"]
[EventType "tourn"]
[EventRounds "13"]
[EventCountry "NED"]
[EventCategory "10"]
[Source "lmi"]
[SourceDate "2007.01.13"]

1. Nf3 Nf6 2. c4 e6 3. Nc3 b6 4. g3 Bb7 5. Bg2 Be7 6. O-O O-O 7. Qc2 c5 8. e4
Nc6 9. Rd1 Rc8 10. e5 Ng4 11. h3 Nb4 12. Qa4 Bc6 13. Qb3 Bxf3 14. Bxf3 Nxe5 15.
Bg2 f5 16. Ne2 Qe8 17. d3 b5 18. f4 Qh5 19. fxe5 Qxe2 20. Bf4 Nc2 21. Rab1 Nd4
22. Qa3 g5 23. Bd2 Qxe5 24. Qxa7 Ne2+ 25. Kf1 Nxg3+ 26. Kf2 Qe2+ 27. Kg1 f4 28.
Re1 Qxd2 29. Qxd7 Bf6 30. Rbd1 Qxb2 31. Qxe6+ Kh8 0-1

[Event "69. Corus Chess 2007 GM-C"]
[Site "Wijk aan Zee NED"]
[Date "2007.01.24"]
[Round "10.1"]
[White "Willemze, Thomas"]
[Black "Hou Yifan"]
[Result "1-0"]
[WhiteElo "2393"]
[BlackElo "2509"]
[PlyCount "105"]
[EventDate "2007.01.13"]
[EventType "tourn"]
[EventRounds "13"]
[EventCountry "NED"]
[EventCategory "10"]
[Source "lmi"]
[SourceDate "2007.01.13"]

1. e4 c5 2. Nf3 d6 3. d4 cxd4 4. Nxd4 Nf6 5. Nc3 Nc6 6. Be2 e6 7. Be3 Be7 8.
O-O O-O 9. Nb3 a6 10. a4 b6 11. f4 Bb7 12. Bf3 Qc7 13. Qd2 Rfe8 14. Qf2 Nd7 15.
Rfd1 Rab8 16. Rd2 Nc5 17. a5 Nxa5 18. Nxa5 bxa5 19. Bd4 Nd7 20. Ne2 e5 21. Bc3
a4 22. Kh1 Bc6 23. Ng3 exf4 24. Nh5 Ne5 25. Nxf4 Bg5 26. Nd5 Bxd5 27. Rxd5 Qc6
28. Ra5 Rb5 29. R5xa4 Ra8 30. Be2 Rb6 31. Bd4 Rbb8 32. Bxe5 dxe5 33. Bc4 Qc7
34. Bd5 Ra7 35. Rxa6 Rxa6 36. Rxa6 Bf6 37. Ra7 Qd8 38. b3 Kh8 39. Rxf7 Qd6 40.
h3 h6 41. c4 Rxb3 42. c5 Rb1+ 43. Kh2 Qd8 44. c6 Rc1 45. Qf5 Qd6 46. Qg6 Qc5
47. Rxf6 Qg1+ 48. Kg3 Rc3+ 49. Rf3 Rxf3+ 50. Kxf3 Qf1+ 51. Ke3 Qe1+ 52. Kd3
Qf1+ 53. Kc3 1-0

[Event "69. Corus Chess 2007 GM-C"]
[Site "Wijk aan Zee NED"]
[Date "2007.01.24"]
[Round "10.2"]
[White "Spoelman, Wouter"]
[Black "Nepomniachtchi, Ian"]
[Result "1/2-1/2"]
[WhiteElo "2414"]
[BlackElo "2587"]
[PlyCount "56"]
[EventDate "2007.01.13"]
[EventType "tourn"]
[EventRounds "13"]
[EventCountry "NED"]
[EventCategory "10"]
[Source "lmi"]
[SourceDate "2007.01.13"]

1. e4 e6 2. d4 d5 3. Nc3 Nf6 4. Bg5 Bb4 5. e5 h6 6. Be3 Ne4 7. Qg4 g6 8. a3
Bxc3+ 9. bxc3 Nxc3 10. Bd3 Nc6 11. h4 Ne7 12. h5 g5 13. Ne2 Nxe2 14. Bxe2 Bd7
15. O-O Nf5 16. Bd3 Qe7 17. Bd2 O-O-O 18. Bb4 Qe8 19. a4 Rg8 20. Rfe1 Nh4 21.
Ra3 Bxa4 22. Rea1 Bb5 23. Rxa7 Bxd3 24. cxd3 Nf5 25. Rc1 Kb8 26. Rca1 Kc8 27.
Rc1 Kb8 28. Rca1 Kc8 1/2-1/2